02024nam a2200325 i 4500003000400000005001700004008004200021020003900063040002500102082001500127090001900142100003000161245004000191264003500231264001100266300002500277336002100302337002500323338002300348500006500371520110200436650002001538650002401558650002001582655002401602655002101626655002101647942001101668999001901679OSt20260414143539.0241012t20252024enk dr 000 f eng d  a9780241646151cRM 93.40qpaperback aPPAKbengcPPAKerda04223a823.9200a823.92bGLYdG1 aGlynn, Connie,eeauthor. 10aTHE CURSED MELODIES /cCONNIE GLYNN 1aLondon :bPenguin Books,c2025 4c©2024 a334 pages ; c24 cm  atext2rdacontent aunmediated2rdamedia avolume2rdacarrier a"If you can hear the music, it's already too late."--Cover.  a"Astrid and Jonas have only ever had each other. As twins, they share a bond. But they also share something doctors have called twisted and demonic their entire flowers whisper instructions, trees sing of their histories. The siblings are kept away from nature by their caretakers, but it still calls to them. Meanwhile, Gwen knows all about the shadow world of Bloom Bloods - people living among us who have magic running through their veins. They act under the instruction of the Queen, conserving fantastical creatures and studying the ancient melodies of magic to keep the mundane and mystic worlds in harmony. But Gwen failed her application to Fountains Abbey, the venerable school that trains up the next generation of Bloom Bloods, and she is now determined to prove her worth. A mysterious evil is spreading throughout the world; unnatural monsters are appearing in hazardous places - monsters that weave discordant magic. When the twins and Gwen collide, their unique abilities are revealed. But will their combined powers be enough to stop what's rising in the darkness?"--cPublisher. 10aTwins vFiction20aFriendshipvFiction20aMagic vFiction 7aYoung adult fiction 7aFantasy fiction. 7aRomance fiction. 2ddccB c203839d203839